[Event "50th-ITA-ch-Teams-2018"]
[Site "Gallipoli"]
[Date "2018.05.01"]
[Round "7"]
[White "Madiai, Federico"]
[Black "Gregori, Giacomo"]
[Result "0-1"]
[WhiteElo "2260"]
[BlackElo "2282"]
[Annotator "TA"]
[PlyCount "86"]
[EventDate "2018.??.??"]
[EventType "team-tourn"]
[EventCountry "ITA"]
[SourceTitle "playchess.com"]
[Source "ChessBase"]
[SourceQuality "1"]

{[%evp 16,86,49,35,51,21,63,50,76,31,35,19,29,-64,-64,-64,-64,-64,-64,-62,-41,-64,-64,-70,-35,-70,-70,-150,-157,-158,-164,-240,-239,-276,-272,-319,-289,-277,-282,-300,-243,-231,-158,-169,-156,-164,-162,-166,-133,-133,-131,-166,-151,-154,-127,-186,-193,-179,-179,-238,-91,-79,-72,-119,-141,-230,-200,-365,-365,-363,-364,-405,-371]} 1. Nf3 Nf6 2. g3 g6 3. Bg2 Bg7 4. O-O O-O 5. d4 d6 {[%cal Bd7d6,Bd6d5][%mdl 32]} 6. b3 a5 7. c4 c6 8. Bb2 d5 {A49: 1 d4 Nf6 2 Nf3 g6 3 g3: Anti-King's Indian systems} (8... Bf5 9. Nc3 Ne4 10. e3 Nxc3 11. Bxc3 Be4 12. Qe2 e6 13. Bh3 Bxf3 14. Qxf3 d5 15. Qe2 Nd7 16. Rfd1 {1-0 (36) Sargissian,G (2672)-Rakhmanov,A (2653) Riadh 2017}) 9. Nc3 {LiveBook: 3 Games} Bf5 10. Ne5 Be6 {The position is equal.} 11. Nd3 $146 ({Predecessor:} 11. cxd5 cxd5 12. Rc1 Bh6 13. e3 Na6 14. h3 Ne8 15. f4 f6 16. Nd3 {1-0 (42) Tauber,M-Steinbacher,M Coburg 1975}) 11... Bc8 12. c5 Bf5 13. f3 Bxd3 14. exd3 (14. Qxd3 $11 e5 15. Rad1 (15. dxe5 Nfd7 $14)) 14... Nfd7 $15 15. Na4 Na6 {[%cal Bb8a6,Ba6c7,Bc7b5][%mdl 32]} 16. Qd2 Nc7 17. Qf2 Nb5 18. Rfe1 e6 19. f4 h5 20. h3 Re8 21. g4 ({White should try} 21. Rf1 $15) 21... hxg4 $17 22. hxg4 g5 23. f5 (23. Rab1 {might work better.}) 23... Qf6 $19 24. fxe6 fxe6 25. Qd2 {and the idea Rf1 leaves White hopeful.} Qf4 26. Qxf4 gxf4 27. Re5 Nxe5 ({Don't take} 27... Bxe5 28. dxe5 d4 29. Re1 $19) 28. dxe5 Rf8 29. Nb6 Rad8 30. Bf3 Kf7 31. d4 Kg6 32. a4 Na7 33. Bc3 Rh8 34. Kg2 Rh7 35. Rh1 (35. Nc4 $17 {was called for.}) 35... Rxh1 36. Kxh1 Nc8 37. Bxa5 (37. Nxc8 {was necessary.} Rxc8 38. Bxa5) 37... Ne7 (37... Nxb6 $19 {and Black stays clearly on top.} 38. Bxb6 Ra8) 38. Kg2 $17 Rh8 39. Nd7 Kg5 40. Bc7 (40. Be2 $17 {was worth a try.}) 40... Ng6 $19 41. Be2 $2 (41. Bd1) 41... Nh4+ {Black is winning.} 42. Kf2 {[#]} f3 $1 {[%cal Rf3e2]} 43. Bd3 Kxg4 {Precision: White = 28%, Black = 53%.} 0-1

[Event "50th-ITA-ch-Teams-2018"]
[Site "Gallipoli"]
[Date "2018.05.01"]
[Round "7"]
[White "Lapiccirella, Daniele"]
[Black "Pitzanti, Matteo"]
[Result "1/2-1/2"]
[WhiteElo "2213"]
[BlackElo "2213"]
[Annotator "NA"]
[PlyCount "51"]
[EventDate "2018.??.??"]
[EventType "team-tourn"]
[EventCountry "ITA"]
[SourceTitle "playchess.com"]
[Source "ChessBase"]
[SourceQuality "1"]
[TimeControl "40/5400+30:900+30"]

{[%evp 11,36,30,37,22,24,22,30,18,23,19,37,10,19,10,22,12,47,16,32767,32767,16,12,37,22,16,0,23]} 1. d4 {[%emt 0:51:01]} d5 {[%emt 0:08:39]} 2. c4 {[%emt 0:00:07]} dxc4 {[%emt 0:00:08]} 3. Nf3 {[%emt 0:00:06]} Nf6 {[%emt 0:00:07]} 4. e3 {[%emt 0:00:05]} e6 {[%emt 0:00:11]} 5. Bxc4 {[%emt 0:00:06]} a6 {[%emt 0:00:05]} 6. O-O {[%emt 0:00:21]} c5 {[%emt 0:00:06]} 7. b3 {[%emt 0:00:06]} b5 {[%emt 0:06:31]} 8. Be2 {[%emt 0:00:22]} Bb7 {[%emt 0:00:06]} 9. Bb2 {[%emt 0:02:35]} Nbd7 {[%emt 0:01:48]} 10. a4 {[%emt 0:01:54]} b4 {[%emt 0:00:06]} 11. Nbd2 {[%emt 0:00:10]} Be7 {[%emt 0:00:10]} 12. Nc4 {[%emt 0:02:00]} O-O {[%emt 0:00:59] LiveBook: 51 Games} 13. Rc1 {[%emt 0:05:33]} Qb8 {[%emt 0:08:04] D27: Queen's Gambit Accepted: Classical main line: 7 e4!? and 7 a4} (13... Bd5 14. Nfe5 cxd4 15. Nxd7 Nxd7 16. Bxd4 Rc8 17. Qd2 Nc5 18. Qb2 Bf6 19. Bxf6 Qxf6 20. Qxf6 gxf6 21. Nb6 {0-1 (50) Gelfand,B (2741)-Karjakin,S (2760) Moscow 2010}) 14. dxc5 $146 {[%emt 0:28:13]} ({Predecessor:} 14. Nfe5 Rd8 15. Bh5 Nxe5 16. Nxe5 g6 17. Bf3 Nd5 18. Bxd5 Rxd5 19. e4 Rd8 20. Qf3 f6 21. Ng4 {0-1 (44) Taimanov,M (2470)-Hjartarson,J (2565) Stockholm 1996}) 14... Nxc5 {[%emt 0:05:23]} 15. Be5 {[%emt 0:14:15]} Qa7 {[%emt 0:07:38]} 16. Qc2 {[%emt 0:03:01]} Rac8 {[%emt 0:15:25]} 17. Rfd1 {[%emt 0:04:35]} Nd5 {[%emt 0:07:33]} 18. Bd4 {[%emt 0:03:40]} Nc3 $11 {[%emt 0:11:02]} 19. Bxc3 {[%emt 0:02:34]} Be4 {[%emt 0:00:11]} 20. Qa2 {[%emt 0:00:29]} bxc3 {[%emt 0:00:07]} 21. Rxc3 {[%emt 0:00:34]} Qb8 {[%emt 0:07:27]} 22. Nce5 {[%emt 0:04:40]} Bd6 {[%emt 0:08:01]} 23. Nc4 {[%emt 0:10:07]} Be7 {[%emt 0:00:15]} 24. Nce5 {[%emt 0:01:14]} Bd6 {[%emt 0:00:21]} 25. Nc4 {[%emt 0:04:51]} Be7 {[%emt 0:00:06]} 26. Nce5 {[%emt 0:00:35]} 1/2-1/2

[Event "50th-ITA-ch-Teams-2018"]
[Site "Gallipoli"]
[Date "2018.05.01"]
[Round "7"]
[White "Forato, Enrico"]
[Black "Di Paolo, Raffaele"]
[Result "1/2-1/2"]
[WhiteElo "2145"]
[BlackElo "2343"]
[Annotator "TA"]
[PlyCount "80"]
[EventDate "2018.??.??"]
[EventType "team-tourn"]
[EventCountry "ITA"]
[SourceTitle "playchess.com"]
[Source "ChessBase"]
[SourceQuality "1"]

{[%evp 15,80,16,9,5,10,10,10,1,10,10,8,-10,-8,-17,-2,-9,-6,-7,3,-11,39,0,0,0,47,14,23,28,27,0,0,0,0,0,0,-10,-10,-16,0,0,0,-21,-24,-20,-17,-26,0,0,4,4,4,4,6,0,0,0,0,0,0,0,0,0,0,0,0,0,0]} 1. g3 g6 2. Bg2 Bg7 3. c4 e5 4. Nc3 Nc6 5. e3 d6 6. Nge2 Nge7 7. d3 O-O 8. O-O Bf5 9. a3 {A25: English Opening vs King's Indian with ...Nc6 but without early d3} (9. e4 Be6 10. Rb1 h6 11. b4 a6 12. Nd5 Rb8 13. a4 Nd4 14. Nxd4 exd4 15. b5 Nxd5 16. cxd5 Bd7 17. Bd2 axb5 18. axb5 {½-½ (28) Krasenkow,M (2575)-Sadler,M (2575) Malmo 1995}) 9... Qd7 10. Nd5 Nxd5 11. cxd5 Ne7 12. e4 $146 ({Predecessor:} 12. Nc3 Bh3 13. Qb3 Bxg2 14. Kxg2 Rab8 15. Bd2 Kh8 16. Rac1 {0-1 (46) Shanel,J (2179)-Zilka,S (2345) Frydek Mistek 2006}) 12... Bh3 13. Bg5 {[#] Threatens to win with Bxh3.} Bxg2 14. Kxg2 f6 {[%cal Bf7f6,Bf6f5][%mdl 32]} 15. Be3 c6 16. Nc3 Kh8 17. Qa4 h5 18. h3 f5 19. Bg5 Ng8 20. f3 Bh6 21. Bxh6 Nxh6 22. d4 (22. Rac1 {looks sharper.} h4 23. Ne2 hxg3 24. dxc6 bxc6 25. Qxc6 Qe7 26. Nxg3 Rab8 27. b4) 22... fxe4 23. fxe4 Nf7 {Strongly threatening ...Ng5.} 24. dxe5 Nxe5 25. dxc6 bxc6 {next ...Rab8 is good for Black.} 26. Qd4 Rab8 27. b4 a5 28. Rad1 Rxf1 29. Rxf1 axb4 30. axb4 Qe7 31. Rd1 {The position is equal.} h4 32. Qxd6 Qxd6 33. Rxd6 {Re6 is the strong threat.} Rxb4 $11 {[%mdl 4096] Endgame aiming for ...Rb2+. KRN-KRN} 34. Re6 Rb2+ 35. Kf1 Nf3 36. gxh4 ({Not} 36. Rxc6 $2 hxg3 37. Ne2 {[#]} Rxe2 $1 $19 {[%mdl 512]}) 36... Rc2 37. Rxc6 Nd2+ 38. Ke2 {Hoping for Kd3.} Nxe4+ $1 39. Kd3 Rxc3+ 40. Rxc3 Nxc3 {Precision: White = 54%, Black = 71%.} 1/2-1/2